000
00410nam a2200133Ia 4500
008
100328s9999 xx 000 0 und d
082
_b
3438
100
_a
गांधी महात्मा
245
_a
बापू और हरिजन
260
_b
सुचना विभाग
630
_a
बापू और हरिजन
730
_a
बापू और हरिजन
942
_c
BOOK
999
_c
499566
_d
499563